| 000 | 00507nam a2200217Ia 4500 | ||
|---|---|---|---|
| 003 | 0100 | ||
| 008 | 130303s9999 xx 000 0 und d | ||
| 020 | _a2204022675 | ||
| 040 | _cARRUPELIB | ||
| 050 | _aJC145.I35B47 1985 | ||
| 100 | _aBertrand, Dominique, 1931- | ||
| 245 | _aLa politique de saint Ignace de Loyola | ||
| 245 | _bl'analyse sociale | ||
| 260 | _aParis | ||
| 260 | _bCerf | ||
| 260 | _C1985 | ||
| 300 | _a686p. | ||
| 300 | _b 22cm. | ||
| 700 | _aDominique Bertrand | ||
| 942 | 0 | 0 | _01 |
| 999 |
_c7605 _d7605 |
||